logo

Bir Sreshtho Munshi Abdur Rouf Library
Jhenaidah Cadet College

Biology : (Record no. 9841)

MARC details
000 -LEADER
fixed length control field 00768cam a2200253 a 4500
001 - CONTROL NUMBER
JCCL Control Number 9841
003 - CONTROL NUMBER IDENTIFIER
JCCL marc code BD-JhCC
005 - DATE AND TIME OF LATEST TRANSACTION
control field 20180402094543.0
008 - FIXED-LENGTH DATA ELEMENTS--GENERAL INFORMATION
fixed length control field 990802s2000 ctuab 001 0 eng
020 ## - INTERNATIONAL STANDARD BOOK NUMBER
International Standard Book Number 0023668911
020 ## - INTERNATIONAL STANDARD BOOK NUMBER
International Standard Book Number 0130873942 (pbk.)
035 ## - SYSTEM CONTROL NUMBER
system control number (DLC) 99040292
-- (BD-JhCC)9841
040 ## - CATALOGING SOURCE
Original cataloging agency DLC
Transcribing agency DLC
Modifying agency BD-JhCC
041 ## - LANGUAGE CODE
Language code of Book eng
050 00 - LIBRARY OF CONGRESS CALL NUMBER
Classification number QH308.2
Item number .K76 2000
082 00 - DEWEY DECIMAL CLASSIFICATION NUMBER
Classification number 570
DDC Edition number 21
Author mark and Year KRO 2000
100 1# - MAIN ENTRY--PERSONAL NAME
Personal name Krogh, David,
Dates associated with a name 1949-
245 10 - TITLE STATEMENT
Title Biology :
Remainder of title a guide to the natural world /
Statement of responsibility, etc David Krogh.
260 ## - PUBLICATION, DISTRIBUTION, ETC. (IMPRINT)
Place of publication, distribution, etc Upper Saddle River, N.J. :
Name of publisher, distributor, etc Prentice Hall,
Date of publication, distribution, etc c2000.
300 ## - PHYSICAL DESCRIPTION
Pagination xxxiii, 678 p. :
Other physical details ill. (some col.), col. maps ;
Dimensions 29 cm. +
Accompanying material 1 computer laser optical disc (4 3/4 in.)
650 #0 - SUBJECT ADDED ENTRY--TOPICAL TERM
Topical term or geographic name as entry element Biology.
942 ## - ADDED ENTRY ELEMENTS (KOHA)
Source of classification or shelving scheme Dewey Decimal Classification
Koha item type Books
Holdings
Source of classification or shelving scheme Damaged status Not for loan Home library Current library Shelving location Date of accession Total Checkouts Full call number Barcode Date last seen Copy number Koha item type
Dewey Decimal Classification   Not For Loan JCC Rouf Library JCC Rouf Library General Stacks 04/02/2018   570 KRO 2000 13331 04/02/2018 C-1 Books

JCC Library | Contacts | JCC Home

Last Update on 23 September 2017
Copyright @ 2017-2020 JCC Rouf Library
Rouf Library, Jhenidah Cadet College (JCC), Bangladesh